00581nam a2200193Ia 4500008004100000020001800041040001900059041001200078082002700090100002100117245008200138250001200220260002800232300003000260504003000290650002500320700002200345850002000367131103s9999 xx 000 0 und d a0 675 21059 3 aLoreto College aEnglish a372.4/EKWbLCBED/11313 aEkwall, Eldon E. aTeaching reading in the elementary schoolcEldon E. Ekwall & James L. Shanker a2nd ed. aColumbusbMerrillc1989 axiii,495p.b ill.c 24cm. aIncludes glossary & index aElementary education aShanker, James L. aLCBED/372.4/EKW